000 00332nam a22001337a 4500
008 170831b xxu||||| |||| 00| 0 eng d
020 _a1572307951
041 _aeng
080 _a070
100 _a40
101 _aMED
245 _aGETTING THE WHOLE STORY REPORTING AND WRITING THE NEWS
_cGIBBS.CH
942 _2udc
_cBK
999 _c25770
_d25770